000 03429nam a22004577a 4500
005 20090523161558.0
008 090523t xxu||||| |||| 00| 0 hin d
010 _aHIN-86587
020 _a9788126716548
_c325.00
035 _aHN-58933
035 _aB-350002-008
037 _bDBAD / PUB
037 _bराजकमल प्रकाशन
040 _adpl
_bhn
082 _a954.0841
100 _aसुखदेवराज
245 _aजब ज्योति जगी:
_cसुखदेवराज; सुधीर विद्यार्थी द्वारा संपादित
_b(एक क्रान्तिकारी के संस्मरण) /
246 _aJaba jyoti jagii: eka kraantikaarii ke sansmaran
_bedited by
260 _aनई दिल्ली
_bराजकमल प्रकाशन
_c2009
270 _a1-बी, नेताजी सुभाष मार्ग
_bनई दिल्ली
_e110002
_minfo@rajkamalprakashan.com
300 _a248पृ
_c22सेमी (सजिल्द)
600 _aसुखदेवराज
600 _aSukhdevraj
650 _aस्मृति
650 _aMemory
650 _aराष्ट्रवाद
_zभारत
650 _aNationalism
_zIndia
651 _aभारत
_xइतिहास
651 _aIndia
_xHistory
700 _aविद्यार्थी, सुधीर
942 _2ddc
_cHN
_mसुखदे
_h954.0841
999 _c26745
_d26745